| 000 | 00435nam a22001457a 4500 | ||
|---|---|---|---|
| 999 |
_c524437 _d524437 |
||
| 003 | NUST | ||
| 038 | _awaseem | ||
| 082 |
_a891.421 _bFAR |
||
| 100 |
_aFirdosi, Muhamad Yaqoob _915255 |
||
| 245 |
_aLajpal Sakhi Lajpal / _cMuhammad Yaqoob Firdosi |
||
| 260 |
_aGujaranwala : _bMaqbool Shaheed Abad, _c2009. |
||
| 880 |
_6100-01\r _aمحمد یعقوب فردوسی |
||
| 880 |
_6245-02\r _aلجپال سخی لجپال |
||
| 942 |
_2ddc _cBK |
||